Fiškálny hlavolam Francoisa Hollandea

Francúzske verejné financie. Nová socialistická vláda sa pustila do rozpočtového deficitu. Viac ako škrty však využíva dane. Snahy o riešenie deficitu verejných financií.

Saved in:
Bibliographic Details
Format: Book Chapter
Language:Slovak
Subjects:
Tags: Add Tag
No Tags, Be the first to tag this record!

MARC

LEADER 00000naa a2200000 4500
001 0157261
005 20231113075854.0
041 0 |a slo 
044 |a SK 
245 1 0 |a Fiškálny hlavolam Francoisa Hollandea 
520 |a Francúzske verejné financie. Nová socialistická vláda sa pustila do rozpočtového deficitu. Viac ako škrty však využíva dane. Snahy o riešenie deficitu verejných financií. 
610 2 0 |a financie verejné 
610 2 0 |a deficit 
610 2 0 |a deficit rozpočtový 
610 2 0 |a Francúzsko